| 000 | 00351 a2200133 4500 | ||
|---|---|---|---|
| 001 | 88084 | ||
| 082 | _aPR 323 | ||
| 090 |
_c41494 _d41494 |
||
| 100 | _aM Zeeshan Iqbal, 005913 | ||
| 245 | _aWorkstudy of Alouette engine overhaul facility | ||
| 260 |
_aRisalpur _bNUST Risalpur _c2005 |
||
| 300 |
_av, 106p. _eRakhman Gul |
||
| 500 | _aBE Project Reports | ||
| 942 |
_aCAE NUST _kPR 323 |
||
| 999 |
_c323157 _d323157 |
||